|
|
|
|
| LEADER |
00916nam a2200253 a 4500 |
| 001 |
c000010805 |
| 003 |
CARM |
| 005 |
19950207000000.0 |
| 008 |
780213s1974 000 0 eng d |
| 019 |
1 |
|
|a 2534554
|5 LACONCORD2021
|
| 035 |
|
|
|a (OCoLC)16675034
|5 LACONCORD2021
|
| 040 |
|
|
|a VCAV
|b eng
|c VCAV
|d SUSA
|
| 050 |
0 |
0 |
|a LB1140.5.L3T47
|
| 082 |
0 |
4 |
|a 372.6
|
| 100 |
1 |
|
|a Throop, Sara.
|
| 245 |
1 |
0 |
|a Language arts for the young child /
|c Sara Thropp.
|
| 260 |
|
|
|a Belmont, Calif. :
|b Fearon Publishers,
|c c1974.
|
| 300 |
|
|
|a 60 p. :
|b ill. ;
|c 22 cm.
|
| 440 |
|
4 |
|a The Early childhood activities series
|
| 650 |
|
0 |
|a Language arts (Preschool)
|
| 650 |
|
0 |
|a Language arts (Primary)
|
| 852 |
8 |
|
|b CARM
|h A2:AH33B0
|i B03613
|p 0178669
|f BK
|
| 999 |
f |
f |
|i 6eaa4217-a111-539b-a61e-8f317986850c
|s 50ae2c7f-4a99-5948-b3ec-05bae8585f1c
|
| 952 |
f |
f |
|p Can circulate
|a CAVAL
|b CAVAL
|c CAVAL
|d CARM 1 Store
|e B03613
|f A2:AH33B0
|h Other scheme
|i book
|m 0178669
|